000 00345 a2200157 4500
001 75819
020 _a8515011336
040 _cAnchieta - Colégio São Paulo
100 _aKent, Graeme
240 1 0 _aFábulas de Esopo
_lpor
245 1 0 _aFábulas de Esopo
300 _a123
362 0 _a1995
650 4 _aLiteratura infantil
942 _cBK
999 _c75819
_d75819